000 00869nam a2200277 i 4500
001 bg
245 0 0 _aGospodarowanie pracą /
_cred. Bogusława Urbaniak.
260 _aŁódź :
_bWydaw. Uniwersytetu Łódzkiego,
_c2001.
300 _a326 s. ;
_c24 cm.
500 _aStreszcz. ang. przy pracach.
504 _aBibliogr. przy pracach.
650 9 _aSiła robocza
_zPolska
650 9 _aBezrobocie
_xzagadnienia
650 9 _aKadry
_xpolityka
650 9 _aPrzedsiębiorstwo
_xzatrudnienie
650 9 _aUmowy zbiorowe
_xzagadnienia
700 1 _aURBANIAK, Bogusława.
_eRed.
020 _a8371714831
040 _cBPK
041 0 _apl
_ben
080 _a331.5:658.3](438)
920 _a83-7171-483-1
942 _cKS
008 s pl f |000 0 pol
999 _c40106
_d40106
856 _uhttp://koha.tu.koszalin.pl/cgi-bin/koha/opac-detail.pl?biblionumber=40106
_yKatalog online BPK